Quick Pick: One Word Song Titles Quiz Stats

Quiz Updated Jul 14, 2016

Challenge
Share
Tweet
Embed
Score 0/16 Timer 01:30
1 Play Today
% Correct
Michael Jackson
87.1%
Madonna
86.5%
Katy Perry
86.4%
Van Halen
77.5%
Rihanna ft. Jay-Z
77.5%
Avril Lavigne
68.8%
Eminem ft. Dido
62.3%
Christina Aguilera
61.5%
% Correct
Nirvana
60.4%
Carole King
60%
Taylor Swift
58.5%
Usher
55.5%
David Guetta ft. Sia
53.8%
Don McLean
48.7%
Blondie
46.6%
Guns N' Roses
44.2%

Today's Daily Dose

You're not logged in!

Compare scores with friends on all Sporcle quizzes.
Join for Free
OR
Log In

You Might Also Like...

Show Comments

Extras

Top Quizzes Today


Score Distribution

Your Account Isn't Verified!

In order to create a playlist on Sporcle, you need to verify the email address you used during registration. Go to your Sporcle Settings to finish the process.

Report this User

Report this user for behavior that violates our Community Guidelines.

Details: